000 00289nam a2200133Ia 4500
100 _aNunn/ R.V./ Aggarwal/ D.k.
942 _cBK
654 _aplumbing
245 _aEasy home plumbing
260 _bGalahad books
_aNew York
_c1976
082 _a696.1
300 _a96
546 _aENGLISH
999 _c25158
_d25158